[Event "SRB-chT 1st League"]
[Site "Vrnjacka Banja"]
[Date "2007.??.??"]
[Round "9.5"]
[White "Dmitrovic, Tomislav"]
[Black "Milosavljevic, Milisav"]
[Result "1-0"]
[WhiteElo "2266"]
[BlackElo "2199"]
[PlyCount "60"]
[EventDate "2007.09.08"]
[EventType "team"]
[EventRounds "11"]
[EventCountry "SRB"]
[SourceTitle "EXT 2012"]
[Source "ChessBase"]
[SourceDate "2011.11.24"]
[SourceVersion "1"]
[SourceVersionDate "2011.11.24"]
[SourceQuality "1"]
[WhiteTeam "Pozarevac"]
[BlackTeam "Novi Pazar INA Dizajn"]
[WhiteTeamCountry "SRB"]
[BlackTeamCountry "SRB"]

1. d4 d5 2. Bg5 h6 3. Bh4 c5 4. dxc5 Qa5+ 5. Nc3 e6 6. e4 Be7 7. Bxe7 Nxe7 8. Bb5+ Bd7 9. Bxd7+ Nxd7 10. exd5 Nxd5 11. Nge2 0-0 12. a3 Qxc5 13. Nxd5 exd5 14. 0-0 Rac8 15. Nd4 Qb6 16. b3 Qf6 17. Qd2 Nc5 18. f3 Ne6 19. Ne2 d4 20. Rad1 Rfd8 21. Ng3 Rc6 22. f4 Nc5 23. Rf3 d3 24. b4 Ne6 25. Rxd3 Rxd3 26. Qxd3 Nxf4 27. Qe4 Rd6 28. Rf1 Re6 29. Qxb7 Qe5 30. Qc8+ Kh7 1-0

[Event "SRB-chT 1st League"]
[Site "Vrnjacka Banja"]
[Date "2006.10.28"]
[Round "10.2"]
[White "Maksimovic, Branimir"]
[Black "Milosavljevic, Milisav"]
[Result "0-1"]
[WhiteElo "2385"]
[BlackElo "2185"]
[PlyCount "101"]
[EventDate "2006.09.09"]
[EventType "team"]
[EventRounds "11"]
[EventCountry "SRB"]
[SourceTitle "EXT 2012"]
[Source "ChessBase"]
[SourceDate "2011.11.24"]
[SourceVersion "1"]
[SourceVersionDate "2011.11.24"]
[SourceQuality "1"]
[WhiteTeam "Nis"]
[BlackTeam "Novi Pazar INA Dizajn"]
[WhiteTeamCountry "SRB"]
[BlackTeamCountry "SRB"]

1. d4 d5 2. c4 e6 3. Nc3 c5 4. e3 Nf6 5. Nf3 Nc6 6. a3 Ne4 7. Bd3 Nxc3 8. bxc3 Be7 9. cxd5 exd5 10. h3 0-0 11. 0-0 Be6 12. Nh2 Qd7 13. g4 f5 14. f4 c4 15. Bb1 b5 16. Ra2 a5 17. Rg2 Kh8 18. Kh1 b4 19. Rfg1 g6 20. axb4 axb4 21. cxb4 Nxb4 22. Nf3 Nc6 23. Bb2 Rab8 24. Bc3 Rb3 25. Qe1 Rfb8 26. Bc2 Ra3 27. Ne5 Nxe5 28. dxe5 Kg8 29. Bd4 Rba8 30. Qb1 Rf8 31. Qb6 Raa8 32. Bc3 Rab8 33. Qd4 Qc6 34. gxf5 Bxf5 35. Bxf5 Rxf5 36. e4 Bc5 37. exf5 Bxd4 38. Bxd4 c3 39. fxg6 h6 40. f5 Qc4 41. Rg4 c2 42. Be3 Qd3 43. R4g3 Qxf5 44. Bc1 Qe4+ 45. Kh2 d4 46. g7 Qxe5 47. Rf1 d3 48. Ba3 Qe2+ 49. Kg1 Qxf1+ 50. Kxf1 d2 51. Rf3 0-1

[Event "SRB-chT 1st League"]
[Site "Vrnjacka Banja"]
[Date "2006.10.26"]
[Round "7.2"]
[White "Milosavljevic, Milisav"]
[Black "Jovanovic, Drasko"]
[Result "1/2-1/2"]
[WhiteElo "2185"]
[BlackElo "2261"]
[PlyCount "61"]
[EventDate "2006.09.09"]
[EventType "team"]
[EventRounds "11"]
[EventCountry "SRB"]
[SourceTitle "EXT 2012"]
[Source "ChessBase"]
[SourceDate "2011.11.24"]
[SourceVersion "1"]
[SourceVersionDate "2011.11.24"]
[SourceQuality "1"]
[WhiteTeam "Novi Pazar INA Dizajn"]
[BlackTeam "Smederevo"]
[WhiteTeamCountry "SRB"]
[BlackTeamCountry "SRB"]

1. Nf3 Nf6 2. c4 g6 3. g3 Bg7 4. Bg2 0-0 5. 0-0 d6 6. d4 c5 7. dxc5 dxc5 8. Ne5 Qc7 9. Nd3 Nc6 10. Nc3 Rd8 11. Bf4 e5 12. Bg5 Nb4 13. a3 Nxd3 14. Nd5 Qd6 15. Qxd3 h6 16. Nxf6+ Bxf6 17. Qxd6 Rxd6 18. Bxh6 g5 19. h4 gxh4 20. Be3 Bg4 21. Bxb7 Rb8 22. Bd5 Rxb2 23. Bxc5 Rd7 24. f3 Bh3 25. Rfe1 hxg3 26. Rab1 Ra2 27. Ra1 Rc2 28. Rac1 Ra2 29. Ra1 Rc2 30. Rac1 Ra2 31. Ra1 1/2-1/2

[Event "SRB-chT 1st League"]
[Site "Serbia"]
[Date "2005.09.30"]
[Round "8.5"]
[White "Andric, Zoran B"]
[Black "Milosavljevic, Milisav"]
[Result "0-1"]
[WhiteElo "2260"]
[BlackElo "2182"]
[PlyCount "129"]
[EventDate "2005.09.25"]
[EventType "team"]
[EventRounds "11"]
[EventCountry "SRB"]
[SourceTitle "EXT 2012"]
[Source "ChessBase"]
[SourceDate "2011.11.24"]
[SourceVersion "1"]
[SourceVersionDate "2011.11.24"]
[SourceQuality "1"]
[WhiteTeam "Sloboda Bohor"]
[BlackTeam "Novi Pazar INA Dizajn"]
[WhiteTeamCountry "SRB"]
[BlackTeamCountry "SRB"]

1. d4 d5 2. c4 e6 3. Nc3 c5 4. cxd5 exd5 5. Nf3 Nc6 6. Bf4 Nf6 7. Rc1 Be7 8. dxc5 Bxc5 9. e3 0-0 10. Be2 Be6 11. 0-0 h6 12. a3 Nh5 13. Bg3 Nxg3 14. hxg3 Be7 15. Nb5 Qb6 16. Qd2 Bf6 17. Rfd1 Rad8 18. Nbd4 Bg4 19. b4 Rc8 20. Rc5 Be7 21. Rb5 Qc7 22. Rc1 Qd7 23. Nxc6 bxc6 24. Ra5 Bxf3 25. Bxf3 Rc7 26. Qd3 Rfc8 27. Rd1 Qe6 28. Ra6 Qe5 29. Qb3 Rd8 30. Rd4 c5 31. bxc5 Bxc5 32. Rxd5 Rxd5 33. Bxd5 Rd7 34. Bf3 Bb6 35. Ra4 g6 36. Re4 Qa1+ 37. Kh2 Kg7 38. Re8 Qf6 39. Qb4 h5 40. a4 Bc7 41. Re4 Bd6 42. Qd4 Bxg3+ 43. fxg3 Rxd4 44. Rxd4 Qe5 45. Re4 Qd6 46. Rd4 Qa3 47. Re4 Qc5 48. Kg1 Kf8 49. Kf2 f5 50. Rd4 Ke7 51. Be2 Qe5 52. Rb4 Kf6 53. Rc4 Qd5 54. Rd4 Qc5 55. Rc4 Qe5 56. Rd4 a5 57. Rc4 Qb2 58. Kf1 Kg7 59. Rd4 Kf6 60. Rc4 Ke5 61. Rc5+ Ke4 62. Kf2 Qd2 63. Rc4+ Ke5 64. Kf1 Qa2 65. Bf3 0-1

[Event "SRB-chT 1st League"]
[Site "Serbia"]
[Date "2005.09.28"]
[Round "5.1"]
[White "Marinkovic, Ivan"]
[Black "Milosavljevic, Milisav"]
[Result "1-0"]
[WhiteElo "2444"]
[BlackElo "2182"]
[PlyCount "73"]
[EventDate "2005.09.25"]
[EventType "team"]
[EventRounds "11"]
[EventCountry "SRB"]
[SourceTitle "EXT 2012"]
[Source "ChessBase"]
[SourceDate "2011.11.24"]
[SourceVersion "1"]
[SourceVersionDate "2011.11.24"]
[SourceQuality "1"]
[WhiteTeam "Borac"]
[BlackTeam "Novi Pazar INA Dizajn"]
[WhiteTeamCountry "SRB"]
[BlackTeamCountry "SRB"]

1. e4 c5 2. Nf3 e6 3. Nc3 Nc6 4. g3 d5 5. exd5 exd5 6. Bg2 d4 7. Qe2+ Be6 8. Ne4 h6 9. 0-0 Nf6 10. Bh3 Qe7 11. Nxf6+ Qxf6 12. Re1 Kd7 13. Bxe6+ fxe6 14. a3 Bd6 15. d3 Rhf8 16. Kg2 Rf7 17. Nd2 Raf8 18. Ne4 Qf5 19. Bd2 Qd5 20. Rf1 g5 21. Rae1 Rf3 22. Qxf3 Rxf3 23. Kxf3 c4 24. Ke2 Qb5 25. Bc1 Qf5 26. f3 cxd3+ 27. cxd3 Bc7 28. Kf2 Ne5 29. Kg2 Bd8 30. g4 Qf8 31. b4 Bc7 32. Nc5+ Kc8 33. f4 gxf4 34. Bxf4 Qg7 35. Bxe5 Bxe5 36. Re4 Bd6 37. Nxe6 1-0

[Event "SCG-chT1 Central"]
[Site "Vrnjacka Banja"]
[Date "2004.09.26"]
[Round "2.5"]
[White "Milosavljevic, Milisav"]
[Black "Marinkovic, Ivan"]
[Result "0-1"]
[WhiteElo "2177"]
[BlackElo "2447"]
[PlyCount "70"]
[EventDate "2004.09.25"]
[EventType "team"]
[EventRounds "11"]
[EventCountry "YUG"]
[SourceTitle "CBM 102 Extra"]
[Source "ChessBase"]
[SourceDate "2004.11.03"]
[SourceVersion "1"]
[SourceVersionDate "2004.11.03"]
[SourceQuality "1"]
[WhiteTeam "08"]
[BlackTeam "02"]
[WhiteTeamCountry "YUG"]
[BlackTeamCountry "YUG"]

1. Nf3 Nf6 2. c4 c5 3. d4 cxd4 4. Nxd4 b6 5. Nc3 Bb7 6. f3 e6 7. e4 Nc6 8. Ndb5 Qb8 9. Be3 a6 10. Nd4 Bd6 11. g3 0-0 12. Nc2 Ne5 13. Be2 Bc7 14. 0-0 d5 15. exd5 exd5 16. c5 d4 17. Bxd4 bxc5 18. Bxc5 Rd8 19. Qe1 Qc8 20. Be3 Nd3 21. Bxd3 Rxd3 22. Qe2 Rd8 23. Rad1 Re8 24. Qf2 h5 25. Bb6 Bxf3 26. Qxf3 Bxb6+ 27. Kg2 Ra7 28. Rfe1 Rae7 29. Rxe7 Rxe7 30. Re1 Rxe1 31. Nxe1 Qc5 32. Ne2 Nd5 33. h3 g6 34. Kh2 Kh7 35. Ng2 Nf6 0-1

[Event "Serbia-chT central"]
[Site "Golubac"]
[Date "2003.??.??"]
[Round "?"]
[White "Pavlovic, Goran"]
[Black "Milosavljevic, Milisav"]
[Result "1-0"]
[WhiteElo "2348"]
[BlackElo "2182"]
[PlyCount "75"]
[EventDate "2003.09.27"]
[EventType "team"]
[EventRounds "11"]
[EventCountry "YUG"]
[SourceTitle "CBM 096 Extra"]
[Source "ChessBase"]
[SourceDate "2003.10.22"]
[SourceVersion "2"]
[SourceVersionDate "2003.10.20"]
[SourceQuality "1"]

1. d4 d5 2. c4 e6 3. Nf3 c5 4. cxd5 exd5 5. g3 Nc6 6. Bg2 Nf6 7. 0-0 Be7 8. Nc3 0-0 9. Bg5 cxd4 10. Nxd4 h6 11. Be3 Re8 12. Rc1 Bf8 13. Nxc6 bxc6 14. Na4 Bd7 15. Bc5 Bxc5 16. Nxc5 Bf5 17. e3 Rb8 18. b3 Qa5 19. Na4 Qb4 20. Rxc6 Bd7 21. Rc1 Bxa4 22. bxa4 Qa3 23. Rc7 Qxa2 24. Rxa7 Rb4 25. Qa1 Qc2 26. a5 Reb8 27. Qe5 Rb1 28. Qc7 Qg6 29. a6 Ne8 30. Qe7 Rxf1+ 31. Bxf1 Nd6 32. Qe5 Rb1 33. Qxd5 Nb5 34. Rb7 Nc3 35. Qd8+ Kh7 36. Rxb1 Qxb1 37. Qd3+ Qxd3 38. Bxd3+ 1-0